000 01326nam a22002297a 4500
003 OSt
005 20220211095958.0
008 141118b xxu||||| |||| 00| 0 eng d
020 _a9781111577520
020 _a1111577528
040 _cLC
050 _aHD31.L84
100 _aLussier, Robert N.
245 _aManagement fundamentals: concepts, applications, skill development. /
_cRobert N. Lussier.
250 _a5th ed.
260 _aLondon:
_bSouth-Western,
_c2012.
300 _axxv, 581 p.:
_bills;
_c25cm
500 _aIncludes glossary and index.
505 _aContent: 1. The global internet environment: Managing -- Environment: Culture, ethics, and social responsibility -- The Global environment and entrepreneurship -- 2. Planning: Creative problem solving and decision making -- The Strategic and operational planning process -- 3. Organizing: Organizing and delegating work -- Managing change: Innovation and diversity -- Human resources management: Staffing -- 4. Leading: Organization behavior: Power, politics, conflict, and stress -- Leading with influence -- Communicating and information technology -- Motivating for high performance -- Team leadership -- -- 5. Controlling: Control systems: Financial and human -- Operations, quality, and productivity.
653 _aManagement
942 _2lcc
_cBK
999 _c7872
_d15372